000 00628nam a2200229Ia 4500
003 OSt
005 20220927105308.0
006 a|||||r|||| 00| 0
007 ta
008 220926b |||||||| |||| 00| 0 eng d
020 _a10357823
024 _a159764
037 _cReference Collections
040 _aRTL
_cRTL
_beng
041 _2eng
_aeng
082 _aprocessing
245 0 _aAsian studies association of Australia
_b Asian studies review
260 _aLonodn
_bBlackwell Publisher
_c2000
300 _a"vii, 308p"
_ccm.
942 _hprocessing
_cCC
999 _c691647
_d691647